000 00714nam a22002297a 4500
005 20251108170548.0
008 250721s1996 xx 000 0 ara d
020 _a9772702118
082 1 4 _aط/923.9/بجي
100 1 _aالبجيرمي، سامي
245 1 0 _aستانلي : مكتشف نهر الكنغو /
250 _aط.2
264 1 _aالقاهرة :
_bالدار المصرية اللبنانية،
_c1996.
300 _a15ص.
490 0 _aالرحالة العرب و الأجانب
_v8
650 1 7 _aالأكتشافات الجغرافية
650 1 7 _aالرحالة
653 _aستانلي
653 _aناشئون صغار (10-14 سنة)
942 _2ddc
_cBK
999 _c43576
_d43576